[Event "DEM U12 2021"]
[Site "Willingen GER"]
[Date "2021.08.26"]
[Round "5"]
[White "Lehmann, Simon"]
[Black "Schröder, Jan-Hendrik"]
[Result "1-0"]
[Termination "normal"]
[Board "24"]
[WhiteElo "1484"]
[BlackElo "1246"]
[WhiteClock "01:25:38"]
[BlackClock "00:33:48"]
[PlyCount "79"]
[WhiteFideId "16292537"]
[BlackFideId "16283538"]
[EventCountry "GER"]
[EventRounds "9"]
[EventType "swiss"]
[EventDate "2021.08.22"]

1. d4 {[%clk 01:30:57]} {[%emt 00:00:03]} Nf6 {[%clk 01:29:55]} {[%emt
00:01:05]} 2. Nf3 {[%clk 01:31:15]} {[%emt 00:00:12]} d5 {[%clk 01:27:20]}
{[%emt 00:03:05]} 3. Bf4 {[%clk 01:31:33]} {[%emt 00:00:12]} c5 {[%clk
01:26:27]} {[%emt 00:01:24]} 4. e3 {[%clk 01:31:51]} {[%emt 00:00:12]} Nc6
{[%clk 01:25:26]} {[%emt 00:01:31]} 5. c3 {[%clk 01:31:49]} {[%emt 00:00:30]}
Qb6 {[%clk 01:24:49]} {[%emt 00:01:08]} 6. Qb3 {[%clk 01:32:05]} {[%emt
00:00:13]} c4 {[%clk 01:23:54]} {[%emt 00:01:27]} 7. Qxb6 {[%clk 01:32:26]}
{[%emt 00:00:09]} axb6 {[%clk 01:24:03]} {[%emt 00:00:19]} 8. Be2 {[%clk
01:31:14]} {[%emt 00:01:43]} Bf5 {[%clk 01:22:23]} {[%emt 00:02:10]} 9. Nbd2
{[%clk 01:30:50]} {[%emt 00:00:55]} e6 {[%clk 01:21:35]} {[%emt 00:01:18]} 10.
O-O {[%clk 01:30:44]} {[%emt 00:00:36]} h6 {[%clk 01:20:44]} {[%emt 00:01:21]}
11. Ne5 {[%clk 01:29:57]} {[%emt 00:01:18]} Nxe5 {[%clk 01:19:44]} {[%emt
00:01:30]} 12. Bxe5 {[%clk 01:29:03]} {[%emt 00:01:24]} Be7 {[%clk 01:18:48]}
{[%emt 00:01:26]} 13. f3 {[%clk 01:29:05]} {[%emt 00:00:28]} Kd7 {[%clk
01:15:22]} {[%emt 00:03:55]} 14. e4 {[%clk 01:28:17]} {[%emt 00:01:18]} Bh7
{[%clk 01:14:31]} {[%emt 00:01:20]} 15. exd5 {[%clk 01:24:05]} {[%emt
00:04:44]} exd5 {[%clk 01:14:13]} {[%emt 00:00:49]} 16. Rfe1 {[%clk 01:24:13]}
{[%emt 00:00:20]} Rhe8 {[%clk 01:13:24]} {[%emt 00:01:20]} 17. Bf1 {[%clk
01:24:00]} {[%emt 00:00:43]} Nh5 {[%clk 01:07:39]} {[%emt 00:06:16]} 18. a3
{[%clk 01:22:52]} {[%emt 00:01:39]} f6 {[%clk 01:05:50]} {[%emt 00:02:18]} 19.
Bg3 {[%clk 01:23:09]} {[%emt 00:00:13]} Nxg3 {[%clk 01:05:29]} {[%emt
00:00:50]} 20. hxg3 {[%clk 01:23:27]} {[%emt 00:00:12]} Bd6 {[%clk 01:04:35]}
{[%emt 00:01:24]} 21. Kf2 {[%clk 01:23:30]} {[%emt 00:00:26]} Rxe1 {[%clk
01:04:52]} {[%emt 00:00:14]} 22. Rxe1 {[%clk 01:23:50]} {[%emt 00:00:10]} Re8
{[%clk 01:05:00]} {[%emt 00:00:23]} 23. Rxe8 {[%clk 01:24:09]} {[%emt
00:00:11]} Kxe8 {[%clk 01:05:21]} {[%emt 00:00:09]} 24. f4 {[%clk 01:23:38]}
{[%emt 00:01:00]} Kd7 {[%clk 01:01:43]} {[%emt 00:04:08]} 25. Be2 {[%clk
01:23:23]} {[%emt 00:00:46]} Kc6 {[%clk 00:58:45]} {[%emt 00:03:28]} 26. Bf3
{[%clk 01:23:29]} {[%emt 00:00:23]} Bg8 {[%clk 00:58:07]} {[%emt 00:01:08]} 27.
Nxc4 {[%clk 01:23:45]} {[%emt 00:00:15]} Bc7 {[%clk 00:57:06]} {[%emt
00:01:29]} 28. Ne3 {[%clk 01:22:17]} {[%emt 00:01:59]} b5 {[%clk 00:48:20]}
{[%emt 00:09:17]} 29. Nf5 {[%clk 01:22:28]} {[%emt 00:00:19]} Kb6 {[%clk
00:46:16]} {[%emt 00:02:33]} 30. b4 {[%clk 01:22:37]} {[%emt 00:00:22]} g5
{[%clk 00:33:41]} {[%emt 00:13:03]} 31. fxg5 {[%clk 01:22:55]} {[%emt
00:00:13]} hxg5 {[%clk 00:33:34]} {[%emt 00:00:37]} 32. Ne7 {[%clk 01:23:13]}
{[%emt 00:00:12]} Bf7 {[%clk 00:32:31]} {[%emt 00:01:33]} 33. Bxd5 {[%clk
01:23:18]} {[%emt 00:00:25]} Bxd5 {[%clk 00:32:16]} {[%emt 00:00:46]} 34. Nxd5+
{[%clk 01:23:40]} {[%emt 00:00:08]} Kc6 {[%clk 00:32:22]} {[%emt 00:00:24]} 35.
Nxc7 {[%clk 01:24:07]} {[%emt 00:00:03]} Kxc7 {[%clk 00:32:50]} {[%emt
00:00:03]} 36. g4 {[%clk 01:24:15]} {[%emt 00:00:20]} Kc6 {[%clk 00:33:14]}
{[%emt 00:00:06]} 37. Ke3 {[%clk 01:24:38]} {[%emt 00:00:07]} Kd5 {[%clk
00:33:35]} {[%emt 00:00:10]} 38. Kd3 {[%clk 01:24:56]} {[%emt 00:00:11]} Kd6
{[%clk 00:33:24]} {[%emt 00:00:42]} 39. Ke4 {[%clk 01:25:16]} {[%emt 00:00:10]}
Ke6 {[%clk 00:33:48]} {[%emt 00:00:06]} 40. d5+ {[%clk 01:25:38]} {[%emt
00:00:08]} 1-0

[Event "DEM U12 2021"]
[Site "Willingen GER"]
[Date "2021.08.26"]
[Round "5"]
[White "Schaudienst, Arvid"]
[Black "Bock, Leonas"]
[Result "1-0"]
[Termination "normal"]
[Board "25"]
[WhiteElo "1368"]
[BlackElo "1278"]
[WhiteClock "00:49:57"]
[BlackClock "00:21:46"]
[PlyCount "85"]
[WhiteFideId "16266943"]
[BlackFideId "16287118"]
[EventCountry "GER"]
[EventRounds "9"]
[EventType "swiss"]
[EventDate "2021.08.22"]

1. e4 {[%clk 01:30:58]} {[%emt 00:00:01]} c5 {[%clk 01:30:52]} {[%emt
00:00:09]} 2. Nc3 {[%clk 01:31:18]} {[%emt 00:00:09]} Nc6 {[%clk 01:31:13]}
{[%emt 00:00:08]} 3. f4 {[%clk 01:31:16]} {[%emt 00:00:32]} g6 {[%clk
01:31:00]} {[%emt 00:00:45]} 4. Nf3 {[%clk 01:31:19]} {[%emt 00:00:26]} Bg7
{[%clk 01:31:08]} {[%emt 00:00:21]} 5. Bb5 {[%clk 01:31:20]} {[%emt 00:00:31]}
e6 {[%clk 01:29:50]} {[%emt 00:01:48]} 6. Bxc6 {[%clk 01:29:26]} {[%emt
00:02:23]} bxc6 {[%clk 01:29:59]} {[%emt 00:00:21]} 7. e5 {[%clk 01:29:23]}
{[%emt 00:00:34]} Ne7 {[%clk 01:25:53]} {[%emt 00:04:34]} 8. d3 {[%clk
01:28:27]} {[%emt 00:01:27]} Nf5 {[%clk 01:15:13]} {[%emt 00:11:10]} 9. O-O
{[%clk 01:25:34]} {[%emt 00:03:23]} O-O {[%clk 01:08:27]} {[%emt 00:07:16]} 10.
Ne4 {[%clk 01:22:31]} {[%emt 00:03:34]} Qe7 {[%clk 00:55:10]} {[%emt 00:13:46]}
11. Rb1 {[%clk 01:13:49]} {[%emt 00:09:12]} d5 {[%clk 00:48:44]} {[%emt
00:06:56]} 12. exd6 {[%clk 01:11:49]} {[%emt 00:02:31]} Nxd6 {[%clk 00:47:29]}
{[%emt 00:01:45]} 13. Nxc5 {[%clk 01:12:01]} {[%emt 00:00:17]} Nf5 {[%clk
00:44:54]} {[%emt 00:03:05]} 14. Ne4 {[%clk 01:11:11]} {[%emt 00:01:21]} Rd8
{[%clk 00:43:53]} {[%emt 00:01:30]} 15. b3 {[%clk 01:05:58]} {[%emt 00:05:43]}
Bb7 {[%clk 00:41:17]} {[%emt 00:03:05]} 16. Qe2 {[%clk 01:03:20]} {[%emt
00:03:08]} Nd4 {[%clk 00:33:10]} {[%emt 00:08:38]} 17. Nxd4 {[%clk 01:02:08]}
{[%emt 00:01:42]} Bxd4+ {[%clk 00:33:04]} {[%emt 00:00:37]} 18. Kh1 {[%clk
01:02:05]} {[%emt 00:00:32]} Re8 {[%clk 00:31:10]} {[%emt 00:02:23]} 19. Bb2
{[%clk 00:57:42]} {[%emt 00:04:54]} Bxb2 {[%clk 00:26:17]} {[%emt 00:05:23]}
20. Rxb2 {[%clk 00:57:15]} {[%emt 00:00:56]} f5 {[%clk 00:26:32]} {[%emt
00:00:17]} 21. Nd2 {[%clk 00:55:32]} {[%emt 00:02:13]} e5 {[%clk 00:25:42]}
{[%emt 00:01:20]} 22. Qxe5 {[%clk 00:51:16]} {[%emt 00:04:46]} Qxe5 {[%clk
00:25:43]} {[%emt 00:00:28]} 23. fxe5 {[%clk 00:51:35]} {[%emt 00:00:10]} Rxe5
{[%clk 00:26:08]} {[%emt 00:00:05]} 24. Nc4 {[%clk 00:51:55]} {[%emt 00:00:10]}
Rd8 {[%clk 00:25:02]} {[%emt 00:01:36]} 25. Nxe5 {[%clk 00:51:08]} {[%emt
00:01:18]} Re8 {[%clk 00:24:08]} {[%emt 00:01:23]} 26. Nc4 {[%clk 00:50:49]}
{[%emt 00:00:49]} Re2 {[%clk 00:24:26]} {[%emt 00:00:12]} 27. c3 {[%clk
00:50:46]} {[%emt 00:00:33]} Rxb2 {[%clk 00:23:45]} {[%emt 00:01:12]} 28. Nxb2
{[%clk 00:50:03]} {[%emt 00:01:13]} c5 {[%clk 00:24:08]} {[%emt 00:00:06]} 29.
Kg1 {[%clk 00:50:01]} {[%emt 00:00:31]} Kg7 {[%clk 00:24:28]} {[%emt 00:00:11]}
30. Re1 {[%clk 00:50:17]} {[%emt 00:00:14]} Kf7 {[%clk 00:24:45]} {[%emt
00:00:13]} 31. Nc4 {[%clk 00:50:38]} {[%emt 00:00:09]} Bd5 {[%clk 00:24:40]}
{[%emt 00:00:35]} 32. Kf2 {[%clk 00:50:12]} {[%emt 00:00:56]} f4 {[%clk
00:24:23]} {[%emt 00:00:47]} 33. Re5 {[%clk 00:49:49]} {[%emt 00:00:53]} Be6
{[%clk 00:24:10]} {[%emt 00:00:44]} 34. Rxc5 {[%clk 00:49:46]} {[%emt
00:00:32]} Kf6 {[%clk 00:23:17]} {[%emt 00:01:23]} 35. Kf3 {[%clk 00:49:46]}
{[%emt 00:00:30]} g5 {[%clk 00:23:11]} {[%emt 00:00:35]} 36. d4 {[%clk
00:49:51]} {[%emt 00:00:26]} h6 {[%clk 00:21:57]} {[%emt 00:01:44]} 37. d5
{[%clk 00:49:44]} {[%emt 00:00:38]} Bd7 {[%clk 00:22:16]} {[%emt 00:00:11]} 38.
d6 {[%clk 00:49:27]} {[%emt 00:00:45]} Kf7 {[%clk 00:20:51]} {[%emt 00:01:56]}
39. Rc7 {[%clk 00:49:24]} {[%emt 00:00:33]} Ke8 {[%clk 00:21:12]} {[%emt
00:00:09]} 40. Ne5 {[%clk 00:49:30]} {[%emt 00:00:24]} Kd8 {[%clk 00:21:07]}
{[%emt 00:00:34]} 41. Rxd7+ {[%clk 00:49:24]} {[%emt 00:00:36]} Ke8 {[%clk
00:21:30]} {[%emt 00:00:08]} 42. Rxa7 {[%clk 00:49:35]} {[%emt 00:00:19]} Kd8
{[%clk 00:21:46]} {[%emt 00:00:12]} 43. Ra8# {[%clk 00:49:57]} {[%emt
00:00:10]} 1-0

[Event "DEM U12 2021"]
[Site "Willingen GER"]
[Date "2021.08.26"]
[Round "5"]
[White "Quartz, Konstantin"]
[Black "Ehses, Julius"]
[Result "1-0"]
[Termination "normal"]
[Board "26"]
[WhiteElo "1027"]
[BlackElo "1102"]
[WhiteClock "01:21:40"]
[BlackClock "00:36:05"]
[PlyCount "137"]
[WhiteFideId "34604383"]
[BlackFideId "16294920"]
[EventCountry "GER"]
[EventRounds "9"]
[EventType "swiss"]
[EventDate "2021.08.22"]

1. e4 {[%clk 01:30:59]} {[%emt 20:46:42]} e5 {[%clk 01:30:58]} {[%emt
00:00:04]} 2. Bc4 {[%clk 01:31:24]} {[%emt 00:00:05]} Nf6 {[%clk 01:31:19]}
{[%emt 00:00:08]} 3. d3 {[%clk 01:31:49]} {[%emt 00:00:05]} Nc6 {[%clk
01:31:26]} {[%emt 00:00:23]} 4. c3 {[%clk 01:31:59]} {[%emt 00:00:20]} Bc5
{[%clk 01:30:51]} {[%emt 00:01:05]} 5. Nf3 {[%clk 01:32:21]} {[%emt 00:00:08]}
d6 {[%clk 01:26:48]} {[%emt 00:04:33]} 6. Nbd2 {[%clk 01:30:42]} {[%emt
00:02:09]} Bg4 {[%clk 01:25:45]} {[%emt 00:01:33]} 7. h3 {[%clk 01:31:10]}
{[%emt 00:00:03]} Bd7 {[%clk 01:24:54]} {[%emt 00:01:20]} 8. Nf1 {[%clk
01:31:32]} {[%emt 00:00:08]} Na5 {[%clk 01:23:41]} {[%emt 00:01:44]} 9. Bb3
{[%clk 01:31:47]} {[%emt 00:00:14]} Nxb3 {[%clk 01:23:44]} {[%emt 00:00:27]}
10. axb3 {[%clk 01:31:04]} {[%emt 00:01:13]} Qe7 {[%clk 01:19:12]} {[%emt
00:05:02]} 11. b4 {[%clk 01:30:54]} {[%emt 00:00:40]} Bb6 {[%clk 01:19:15]}
{[%emt 00:00:27]} 12. Ng3 {[%clk 01:31:03]} {[%emt 00:00:20]} c6 {[%clk
01:17:13]} {[%emt 00:02:32]} 13. O-O {[%clk 01:31:05]} {[%emt 00:00:28]} d5
{[%clk 01:17:14]} {[%emt 00:00:29]} 14. Bg5 {[%clk 01:28:56]} {[%emt 00:02:39]}
d4 {[%clk 01:13:24]} {[%emt 00:04:20]} 15. Nh4 {[%clk 01:28:58]} {[%emt
00:00:27]} h6 {[%clk 01:11:31]} {[%emt 00:02:24]} 16. Nhf5 {[%clk 01:29:00]}
{[%emt 00:00:27]} Bxf5 {[%clk 01:11:38]} {[%emt 00:00:23]} 17. Nxf5 {[%clk
01:29:28]} {[%emt 00:00:03]} Qf8 {[%clk 01:09:47]} {[%emt 00:02:19]} 18. Bh4
{[%clk 01:29:02]} {[%emt 00:00:58]} g6 {[%clk 01:08:39]} {[%emt 00:01:38]} 19.
Bxf6 {[%clk 01:29:25]} {[%emt 00:00:06]} Rh7 {[%clk 01:06:56]} {[%emt
00:02:14]} 20. Ng3 {[%clk 01:27:32]} {[%emt 00:02:24]} Qd6 {[%clk 01:04:18]}
{[%emt 00:02:47]} 21. Qf3 {[%clk 01:26:59]} {[%emt 00:01:22]} c5 {[%clk
01:00:03]} {[%emt 00:04:45]} 22. Ra4 {[%clk 01:27:08]} {[%emt 00:00:22]} cxb4
{[%clk 00:57:49]} {[%emt 00:02:44]} 23. Rxb4 {[%emt 00:00:33]} dxc3 {[%clk
00:56:25]} {[%emt 00:01:54]} 24. bxc3 {[%clk 01:27:27]} {[%emt 00:00:09]} Rb8
{[%clk 00:50:50]} {[%emt 00:06:04]} 25. Rfb1 {[%clk 01:27:11]} {[%emt
00:00:46]} Qc7 {[%clk 00:47:17]} {[%emt 00:03:44]} 26. Rc4 {[%clk 01:23:26]}
{[%emt 00:04:32]} Qd6 {[%clk 00:45:29]} {[%emt 00:02:20]} 27. Ne2 {[%clk
01:22:27]} {[%emt 00:01:29]} Bd8 {[%clk 00:41:07]} {[%emt 00:04:52]} 28. Bxd8
{[%clk 01:22:03]} {[%emt 00:00:54]} Qxd8 {[%clk 00:41:23]} {[%emt 00:00:13]}
29. d4 {[%clk 01:22:02]} {[%emt 00:00:32]} exd4 {[%clk 00:40:43]} {[%emt
00:01:11]} 30. cxd4 {[%clk 01:22:30]} {[%emt 00:00:01]} b5 {[%clk 00:39:23]}
{[%emt 00:01:50]} 31. Rcb4 {[%clk 01:21:43]} {[%emt 00:01:17]} a6 {[%clk
00:39:32]} {[%emt 00:00:21]} 32. Nc3 {[%clk 01:21:59]} {[%emt 00:00:14]} Kf8
{[%clk 00:36:51]} {[%emt 00:03:11]} 33. e5 {[%clk 01:21:30]} {[%emt 00:00:59]}
Kg7 {[%clk 00:36:30]} {[%emt 00:00:50]} 34. Qf6+ {[%clk 01:20:46]} {[%emt
00:01:14]} Qxf6 {[%clk 00:36:38]} {[%emt 00:00:22]} 35. exf6+ {[%clk 01:21:14]}
{[%emt 00:00:03]} Kxf6 {[%clk 00:36:35]} {[%emt 00:00:32]} 36. d5 {[%clk
01:21:30]} {[%emt 00:00:14]} Rhh8 {[%clk 00:35:57]} {[%emt 00:01:07]} 37. Ra1
{[%clk 01:20:16]} {[%emt 00:01:46]} Ra8 {[%clk 00:35:58]} {[%emt 00:00:30]} 38.
Ne4+ {[%clk 01:18:51]} {[%emt 00:01:55]} Ke5 {[%clk 00:35:40]} {[%emt
00:00:47]} 39. Nc5 {[%clk 01:19:20]} {[%emt 00:00:02]} Kxd5 {[%clk 00:34:58]}
{[%emt 00:01:11]} 40. Nxa6 {[%emt 00:00:02]} Kc6 {[%clk 00:34:41]} {[%emt
00:00:46]} 41. Rxb5 {[%clk 01:19:05]} {[%emt 00:01:15]} Ra7 {[%clk 00:33:07]}
{[%emt 00:01:59]} 42. Rb8 {[%clk 01:18:15]} {[%emt 00:01:24]} Rxb8 {[%clk
00:32:57]} {[%emt 00:00:40]} 43. Nxb8+ {[%clk 01:18:38]} {[%emt 00:00:08]} Kb7
{[%clk 00:33:17]} {[%emt 00:00:09]} 44. Rxa7+ {[%clk 01:19:00]} {[%emt
00:00:09]} Kxa7 {[%clk 00:33:37]} {[%emt 00:00:09]} 45. Nc6+ {[%clk 01:19:26]}
{[%emt 00:00:04]} Kb6 {[%clk 00:33:53]} {[%emt 00:00:13]} 46. Nd8 {[%clk
01:19:54]} {[%emt 00:00:02]} f6 {[%clk 00:32:52]} {[%emt 00:01:32]} 47. Nf7
{[%clk 01:20:02]} {[%emt 00:00:22]} h5 {[%clk 00:32:48]} {[%emt 00:00:34]} 48.
g4 {[%clk 01:20:08]} {[%emt 00:00:23]} h4 {[%clk 00:32:45]} {[%emt 00:00:34]}
49. f4 {[%clk 01:20:26]} {[%emt 00:00:12]} Kc6 {[%clk 00:31:45]} {[%emt
00:01:30]} 50. g5 {[%clk 01:20:53]} {[%emt 00:00:02]} fxg5 {[%clk 00:31:49]}
{[%emt 00:00:27]} 51. fxg5 {[%clk 01:19:10]} {[%emt 00:02:12]} Kd5 {[%clk
00:32:10]} {[%emt 00:00:10]} 52. Nh8 {[%clk 01:19:02]} {[%emt 00:00:39]} Ke6
{[%clk 00:32:23]} {[%emt 00:00:17]} 53. Nxg6 {[%clk 01:19:13]} {[%emt
00:00:19]} Kf5 {[%clk 00:32:45]} {[%emt 00:00:07]} 54. Nxh4+ {[%clk 01:19:38]}
{[%emt 00:00:05]} Kxg5 {[%clk 00:33:00]} {[%emt 00:00:15]} 55. Nf3+ {[%clk
01:20:02]} {[%emt 00:00:07]} Kf4 {[%clk 00:33:09]} {[%emt 00:00:21]} 56. h4
{[%clk 01:20:06]} {[%emt 00:00:26]} Kg4 {[%clk 00:33:23]} {[%emt 00:00:15]} 57.
Kh2 {[%clk 01:20:19]} {[%emt 00:00:17]} Kh5 {[%clk 00:33:44]} {[%emt 00:00:09]}
58. Kg3 {[%clk 01:20:21]} {[%emt 00:00:26]} Kh6 {[%clk 00:34:05]} {[%emt
00:00:11]} 59. Kg4 {[%clk 01:20:39]} {[%emt 00:00:12]} Kg6 {[%clk 00:34:22]}
{[%emt 00:00:12]} 60. Ne5+ {[%clk 01:21:07]} {[%emt 00:00:03]} Kh6 {[%clk
00:34:37]} {[%emt 00:00:15]} 61. h5 {[%clk 01:20:28]} {[%emt 00:01:09]} Kh7
{[%clk 00:34:30]} {[%emt 00:00:37]} 62. Kg5 {[%clk 01:20:32]} {[%emt 00:00:26]}
Kg7 {[%clk 00:34:41]} {[%emt 00:00:19]} 63. h6+ {[%clk 01:20:34]} {[%emt
00:00:29]} Kh8 {[%clk 00:34:48]} {[%emt 00:00:23]} 64. Kg6 {[%clk 01:20:22]}
{[%emt 00:00:42]} Kg8 {[%clk 00:35:11]} {[%emt 00:00:07]} 65. h7+ {[%clk
01:20:46]} {[%emt 00:00:05]} Kf8 {[%clk 00:35:26]} {[%emt 00:00:16]} 66. h8=Q+
{[%emt 00:00:13]} Ke7 {[%emt 00:00:07]} 67. Qf6+ {[%clk 01:20:48]} {[%emt
00:00:08]} Ke8 {[%clk 00:35:42]} {[%emt 00:00:13]} 68. Qf7+ {[%clk 01:21:11]}
{[%emt 00:00:08]} Kd8 {[%clk 00:36:05]} {[%emt 00:00:07]} 69. Qd7# {[%clk
01:21:40]} {[%emt 00:00:02]} 1-0

[Event "DEM U12 2021"]
[Site "Willingen GER"]
[Date "2021.08.26"]
[Round "5"]
[White "Detjen, Mattes"]
[Black "Rückel, Felix"]
[Result "1-0"]
[Termination "normal"]
[Board "27"]
[WhiteElo "1162"]
[BlackElo "994"]
[WhiteClock "01:20:55"]
[BlackClock "00:52:43"]
[PlyCount "47"]
[WhiteFideId "16235690"]
[BlackFideId "34608826"]
[EventCountry "GER"]
[EventRounds "9"]
[EventType "swiss"]
[EventDate "2021.08.22"]

1. e4 {[%clk 01:30:30]} {[%emt 00:00:29]} e5 {[%clk 01:30:48]} {[%emt
00:00:13]} 2. Nf3 {[%clk 01:30:22]} {[%emt 00:00:37]} Nc6 {[%clk 01:31:00]}
{[%emt 00:00:18]} 3. d4 {[%clk 01:30:30]} {[%emt 00:00:22]} exd4 {[%clk
01:30:52]} {[%emt 00:00:38]} 4. Nxd4 {[%clk 01:30:05]} {[%emt 00:00:53]} Bc5
{[%clk 01:30:46]} {[%emt 00:00:38]} 5. Be3 {[%clk 01:29:59]} {[%emt 00:00:36]}
Qf6 {[%clk 01:29:14]} {[%emt 00:02:02]} 6. c3 {[%clk 01:28:51]} {[%emt
00:01:38]} Nge7 {[%clk 01:27:01]} {[%emt 00:02:42]} 7. g3 {[%clk 01:28:58]}
{[%emt 00:00:22]} Ng6 {[%clk 01:17:29]} {[%emt 00:10:04]} 8. Bg2 {[%clk
01:27:06]} {[%emt 00:02:21]} Nxd4 {[%clk 01:12:55]} {[%emt 00:05:04]} 9. cxd4
{[%clk 01:27:16]} {[%emt 00:00:20]} Bb4+ {[%clk 01:12:27]} {[%emt 00:00:59]}
10. Nc3 {[%clk 01:27:14]} {[%emt 00:00:32]} c6 {[%clk 01:10:49]} {[%emt
00:02:09]} 11. f4 {[%clk 01:25:50]} {[%emt 00:01:53]} Qd8 {[%clk 01:08:50]}
{[%emt 00:02:28]} 12. O-O {[%clk 01:24:20]} {[%emt 00:02:00]} O-O {[%clk
01:05:15]} {[%emt 00:04:05]} 13. e5 {[%clk 01:23:03]} {[%emt 00:01:46]} d5
{[%clk 01:03:47]} {[%emt 00:01:58]} 14. f5 {[%clk 01:23:08]} {[%emt 00:00:26]}
Ne7 {[%clk 00:58:20]} {[%emt 00:05:57]} 15. f6 {[%clk 01:23:03]} {[%emt
00:00:36]} gxf6 {[%clk 00:57:05]} {[%emt 00:01:45]} 16. exf6 {[%clk 01:23:23]}
{[%emt 00:00:09]} Ng6 {[%clk 00:57:17]} {[%emt 00:00:17]} 17. Qd2 {[%clk
01:23:31]} {[%emt 00:00:21]} Kh8 {[%clk 00:54:52]} {[%emt 00:02:56]} 18. Bg5
{[%clk 01:23:41]} {[%emt 00:00:19]} Bd6 {[%clk 00:52:44]} {[%emt 00:02:40]} 19.
Rae1 {[%clk 01:22:13]} {[%emt 00:01:56]} Be6 {[%clk 00:52:40]} {[%emt
00:00:35]} 20. Bh6 {[%clk 01:21:39]} {[%emt 00:01:04]} Re8 {[%clk 00:52:50]}
{[%emt 00:00:20]} 21. Bg7+ {[%clk 01:20:00]} {[%emt 00:02:09]} Kg8 {[%clk
00:53:01]} {[%emt 00:00:18]} 22. Qh6 {[%clk 01:20:16]} {[%emt 00:00:14]} Rf8
{[%clk 00:52:32]} {[%emt 00:01:00]} 23. Bh8 {[%clk 01:20:32]} {[%emt 00:00:14]}
Kxh8 {[%clk 00:52:43]} {[%emt 00:00:19]} 24. Qg7# {[%clk 01:20:55]} {[%emt
00:00:07]} 1-0

[Event "DEM U12 2021"]
[Site "Willingen GER"]
[Date "2021.08.26"]
[Round "5"]
[White "Lumma, Justus"]
[Black "Wellßow, Lio Keanu"]
[Result "1-0"]
[Termination "normal"]
[Board "28"]
[WhiteElo "1081"]
[BlackElo "1203"]
[WhiteClock "01:23:06"]
[BlackClock "01:18:45"]
[PlyCount "65"]
[WhiteFideId "16287193"]
[BlackFideId "16252837"]
[EventCountry "GER"]
[EventRounds "9"]
[EventType "swiss"]
[EventDate "2021.08.22"]

1. e4 {[%clk 01:30:53]} {[%emt 00:00:05]} e6 {[%clk 01:30:56]} {[%emt
00:00:06]} 2. d4 {[%clk 01:31:11]} {[%emt 00:00:13]} d5 {[%clk 01:31:20]}
{[%emt 00:00:05]} 3. e5 {[%clk 01:31:31]} {[%emt 00:00:10]} c5 {[%clk
01:31:44]} {[%emt 00:00:06]} 4. c3 {[%clk 01:31:46]} {[%emt 00:00:15]} Nc6
{[%clk 01:32:08]} {[%emt 00:00:06]} 5. Nf3 {[%clk 01:32:03]} {[%emt 00:00:13]}
Bd7 {[%clk 01:32:03]} {[%emt 00:00:35]} 6. Be3 {[%clk 01:32:12]} {[%emt
00:00:21]} Nge7 {[%clk 01:32:03]} {[%emt 00:00:30]} 7. Nbd2 {[%clk 01:32:05]}
{[%emt 00:00:35]} cxd4 {[%clk 01:32:22]} {[%emt 00:00:13]} 8. cxd4 {[%clk
01:32:20]} {[%emt 00:00:15]} Ng6 {[%clk 01:31:42]} {[%emt 00:01:09]} 9. Bb5
{[%clk 01:31:47]} {[%emt 00:01:03]} Be7 {[%clk 01:31:50]} {[%emt 00:00:22]} 10.
O-O {[%clk 01:31:30]} {[%emt 00:00:45]} O-O {[%clk 01:31:51]} {[%emt 00:00:32]}
11. Rc1 {[%clk 01:29:49]} {[%emt 00:02:10]} Rc8 {[%clk 01:32:07]} {[%emt
00:00:14]} 12. Qa4 {[%clk 01:27:48]} {[%emt 00:02:31]} f6 {[%clk 01:29:48]}
{[%emt 00:02:50]} 13. exf6 {[%clk 01:27:06]} {[%emt 00:01:11]} Bxf6 {[%clk
01:29:41]} {[%emt 00:00:37]} 14. Rfe1 {[%clk 01:26:42]} {[%emt 00:00:54]} Nb8
{[%clk 01:27:49]} {[%emt 00:02:23]} 15. Nb3 {[%clk 01:25:39]} {[%emt 00:01:31]}
e5 {[%clk 01:25:59]} {[%emt 00:02:22]} 16. dxe5 {[%clk 01:25:51]} {[%emt
00:00:17]} Nxe5 {[%clk 01:26:10]} {[%emt 00:00:19]} 17. Nbd2 {[%clk 01:25:41]}
{[%emt 00:00:40]} Nc4 {[%clk 01:25:15]} {[%emt 00:01:26]} 18. Nxc4 {[%clk
01:25:43]} {[%emt 00:00:27]} dxc4 {[%clk 01:25:28]} {[%emt 00:00:17]} 19. Bxd7
{[%clk 01:25:31]} {[%emt 00:00:42]} Qxd7 {[%clk 01:25:33]} {[%emt 00:00:25]}
20. Rxc4 {[%clk 01:25:19]} {[%emt 00:00:42]} Rcd8 {[%clk 01:24:11]} {[%emt
00:01:53]} 21. Qb3 {[%clk 01:24:39]} {[%emt 00:01:10]} Kh8 {[%clk 01:23:47]}
{[%emt 00:00:54]} 22. Bxa7 {[%clk 01:23:50]} {[%emt 00:01:18]} b5 {[%clk
01:23:30]} {[%emt 00:00:48]} 23. Rc5 {[%clk 01:23:22]} {[%emt 00:00:57]} Qxa7
{[%clk 01:22:58]} {[%emt 00:01:03]} 24. Rxb5 {[%clk 01:23:41]} {[%emt
00:00:12]} Bd4 {[%clk 01:21:16]} {[%emt 00:02:11]} 25. Rf1 {[%clk 01:23:16]}
{[%emt 00:00:56]} Qd7 {[%clk 01:20:53]} {[%emt 00:00:53]} 26. Ng5 {[%clk
01:23:06]} {[%emt 00:00:38]} Bxf2+ {[%clk 01:20:23]} {[%emt 00:01:02]} 27. Kh1
{[%clk 01:23:19]} {[%emt 00:00:17]} Bh4 {[%clk 01:20:04]} {[%emt 00:00:49]} 28.
Rxf8+ {[%clk 01:23:20]} {[%emt 00:00:28]} Rxf8 {[%emt 00:00:05]} 29. Rxb8
{[%emt 00:00:47]} Qe7 {[%clk 01:18:50]} {[%emt 00:00:52]} 30. Nf7+ {[%clk
01:22:23]} {[%emt 00:01:27]} Kg8 {[%clk 01:18:46]} {[%emt 00:00:34]} 31. Nh6+
{[%clk 01:22:46]} {[%emt 00:00:08]} Kh8 {[%clk 01:18:45]} {[%emt 00:00:31]} 32.
Qg8+ {[%clk 01:23:06]} {[%emt 00:00:10]} Rxg8 {[%emt 00:00:11]} 33. Rxg8#
{[%emt 00:00:08]} 1-0